|
|
|
|
| LEADER |
00000nab a2200000 a 4500 |
| 001 |
vtls010737717 |
| 003 |
SK-MaSNL |
| 005 |
20260304190118.0 |
| 008 |
250709s2006 xo |||||||||||||||||slo| |
| 035 |
|
|
|a (urnnbn)urn:nbn:sk:snk:ar-a05lcv
|
| 035 |
|
|
|a (uuid)b8e11c25-f02b-4d0b-8545-bfabc5152012
|
| 035 |
|
|
|a urn:nbn:sk:snk-ab3yts
|
| 040 |
|
|
|a SNKBUCL
|b slo
|c SNKBUCL
|e AACR2
|
| 041 |
0 |
|
|a slo
|
| 044 |
|
|
|a xo
|c SK
|
| 100 |
1 |
|
|a Orovan, J.
|4 aut
|9 1520833
|
| 245 |
1 |
0 |
|a IMUNITNÝ SYSTÉM a všetko čo s ním súvisí
|c J. Orovan
|
| 773 |
0 |
|
|t Nádej : časopis Slovenského zväzu sclerosis multiplex
|g Č. 4 (2006), s. 17-19
|
| 850 |
|
|
|a Slovenská národná knižnica
|
| 852 |
|
|
|a Slovenská národná knižnica
|
| 954 |
|
|
|a odborná, vedecká literatúra pôvodná (slovenská)
|2 lita
|
| 958 |
|
|
|a article1
|
| 958 |
|
|
|a OND
|
| 958 |
|
|
|a EUIPO
|
| 999 |
|
|
|c 3048522
|d 3050452
|